Movie Taglines II Quiz Stats

 Plays Quiz Updated May 17, 2018

Score 0/20 Timer 06:00
1 Play Today
Tagline Movie Title % Correct
Who you gonna call?Ghostbusters
88.7%
For Harry and Lloyd Every Day is a No-brainer.Dumb & Dumber
86.4%
There are 3.7 trillion fish in the ocean. They're looking for one.Finding Nemo
79.8%
Imagine having to win over the girl of your dreams, every friggin' day.50 First Dates
70%
He is afraid. He is alone. He is three million light years from home.E.T.: The Extra-Terrestrial
54.6%
Relive the best 7 years of your college education.Animal House
53.9%
She walked off the street, into his life and stole his heartPretty Woman
45.6%
They'll never get caught. They're on a mission from God.The Blues Brothers
45.5%
Sex. Clothes. Popularity. Whatever.Clueless
44.2%
You won't know the facts until you've seen the fiction.Pulp Fiction
36.4%
Tagline Movie Title % Correct
Does for rock and roll what 'The Sound of Music' did for hills.This is Spinal Tap
29.4%
The first casualty of war is innocence.Platoon
26.2%
First comes love. Then comes the interrogation.Meet the Parents
25.6%
Before you die, you see...The Ring
25.5%
A comedy about growing up, and the bumps along the way.Juno
19%
They stole his mind. Now he wants it back.Total Recall
15.6%
The snobs against the slobs!Caddyshack
12.7%
Two men enter. One man leaves.Mad Max Beyond Thunderdome
12.2%
Neo-Tokyo is about to E.X.P.L.O.D.E.Akira
6.9%
Get ready to root for the bad guyPayback
4.3%

You're not logged in!

Compare scores with friends on all Sporcle quizzes.
OR
Log In

Sporcle TV

Today on Sporcle TV


Watch our educational content, quiz creation guides, and fun videos on Sporcle TV.

Show Comments

Extras

Top Quizzes Today


Score Distribution

Your Account Isn't Verified!

In order to create a playlist on Sporcle, you need to verify the email address you used during registration. Go to your Sporcle Settings to finish the process.

Report this User

Report this user for behavior that violates our Community Guidelines.

Details: